Vocabulaire Anglais #3 - Cliquez sur l'image - Statistiques

Statistiques générales
  • Ce quiz a été pris 3 582 fois
  • Le résultat moyen est 20 sur 24
Réponses sur la Carte
Les réponses sont colorées sur une échelle allant du rouge au vert en fonction du pourcentage des utilisateurs qui les ont devinées à leur premier essai. Vous pouvez retrouver ces pourcentages ci-dessous.
 
Statistiques - réponses
Réponse % Correct
A coconut
91%
A dog
91%
A horse
91%
A lemon
91%
An apple
91%
An eye
91%
A pencil
91%
A turtle
91%
A mouth
90%
A fish
89%
A hat
89%
A shark
88%
A tooth
88%
A bat
85%
A mushroom
85%
A bell
84%
A jellyfish
82%
A lightbulb
82%
A snail
80%
Garlic
80%
A scarf
76%
A saw
72%
A kite
68%
A shovel
67%
Aucun quiz correspondant
Distribution des résultats
% des personnes avec chaque résultat
Percentile par nombre de réponses
Votre historique - résultats
Vous n’avez pas pris ce quiz